| 000 | 02568cam a2200313 4500500 | ||
|---|---|---|---|
| 005 | 20260322010715.0 | ||
| 041 | _afre | ||
| 042 | _adc | ||
| 100 | 1 | 0 |
_aYeo-Tenena, Yessonguilan _eauthor |
| 700 | 1 | 0 |
_aKoua, Asseman Medard _eauthor |
| 700 | 1 | 0 |
_aBrou, N’Guessan _eauthor |
| 700 | 1 | 0 |
_aKouamé, Loukou Médard _eauthor |
| 700 | 1 | 0 |
_aGuégué, Liali Serge Fulgence _eauthor |
| 700 | 1 | 0 |
_aDrissa, Koné _eauthor |
| 700 | 1 | 0 |
_aDelafosse, Roger Charles Joseph _eauthor |
| 245 | 0 | 0 | _aPerformances scolaires des élèves sous psychotropes suivis au service d’hygiène mentale d’Abidjan (Côte d’Ivoire) |
| 260 | _c2013. | ||
| 500 | _a46 | ||
| 520 | _aDe février à novembre 2008, nous avons, réalisé au service d’Hygiène Mentale (SHM) d’Abidjan, une étude transversale à visée descriptive qui avait pour objectif d’apprécier les performances scolaires des élèves présentant des troubles mentaux sous psychotropes. Les résultats en classe étaient mauvais dans 96,30% des cas avec un taux d’échec de 100% aux examens de fin d’année (Baccalauréat et Brevet d’étude du premier cycle) avant la prise en charge au SHM. Au décours du suivi au SHM, on observait une amélioration des performances scolaires avec des résultats de classe qui devenaient bons dans 64,81 % des cas et 55,60% d’admis aux examens de fin d’année. On constatait également une amélioration des résultats scolaires en relation avec la durée de la prise en charge au SHM . | ||
| 520 | _aFrom February to November 2008, we realized with the Division of Mental Hygiene (DMH)- Abidjan, a descriptive cross-sectional study that aimed to assess the school performances of schoolboys who suffered from mental disorders and treated with psychotropic in 96,3% of the cases. The school results were bad before the management of the DMH. We also found that 100 % of the patients failed their final exam (bachelor and first level certificate). After the follow-up, we observed an improvement of their school performances in their classes (64, 81%) 55, 60. % passed their final exams. We notified an improvement of the school performances in relation with the length of the DMH management. | ||
| 690 | _aHygiène Mentale | ||
| 690 | _aPsychotropes | ||
| 690 | _aRésultats scolaires | ||
| 690 | _aMental hygiene | ||
| 690 | _aPsychotropic | ||
| 690 | _aSchool results | ||
| 786 | 0 | _nPsy Cause | 63 | 2 | 2013-01-15 | p. 38-43 | 1245-2394 | |
| 856 | 4 | 1 | _uhttps://shs.cairn.info/revue-psy-cause-2013-2-page-38?lang=fr&redirect-ssocas=7080 |
| 999 |
_c1758676 _d1758676 |
||